Southville International School and Colleges
Your cart is empty.
  • Cart
  • Lists
    Public lists Eva Luna New books Lux_list list_1
    Your lists Log in to create your own lists
  • Log in to your account
  • Your cookies
  • Search history
Southville International School and Colleges
  • Advanced search
  • Recent comments
  • Most popular
  • Libraries

Log in to your account

Log in with GOOGLE


If you do not have an external account, but do have a local account, you can still log in:

  1. Home
  2. MARC view: College chemistry /
Normal view MARC view ISBD view

College chemistry / (Record no. 15260)

[ view plain ]
MARC details
000 -LEADER
fixed length control field 01618cam a22003734a 4500
001 - CONTROL NUMBER
control field 16146995
003 - CONTROL NUMBER IDENTIFIER
control field OSt
005 - DATE AND TIME OF LATEST TRANSACTION
control field 20140310182714.0
008 - FIXED-LENGTH DATA ELEMENTS--GENERAL INFORMATION
fixed length control field 100322s2011 ilua 001 0 eng
010 ## - LIBRARY OF CONGRESS CONTROL NUMBER
LC control number 2010010890
020 ## - INTERNATIONAL STANDARD BOOK NUMBER
International Standard Book Number 9780071745871
040 ## - CATALOGING SOURCE
Original cataloging agency DLC
Transcribing agency DLC
Modifying agency DLC
050 00 - LIBRARY OF CONGRESS CALL NUMBER
Classification number QD 41
Item number .R813 2011
082 00 - DEWEY DECIMAL CLASSIFICATION NUMBER
Classification number M 540
-- 2nd ed.
Item number R813 2010
100 1# - MAIN ENTRY--PERSONAL NAME
Personal name Rosenberg, Jerome Laib,
Dates associated with a name 1921-
245 10 - TITLE STATEMENT
Title College chemistry /
Statement of responsibility, etc Rosenberg, Jerome; Epstein, Lawrence M.
250 ## - EDITION STATEMENT
Edition statement 2nd ed.
260 ## - PUBLICATION, DISTRIBUTION, ETC. (IMPRINT)
Place of publication, distribution, etc New York :
Name of publisher, distributor, etc McGraw-Hill Companies, Inc.,
Date of publication, distribution, etc c2011.
300 ## - PHYSICAL DESCRIPTION
Extent iii, 156 p. :
Other physical details ill. ;
Dimensions 22 cm.
490 0# - SERIES STATEMENT
Series statement Schaum's easy outline
500 ## - GENERAL NOTE
General note Includes index.
505 0# - FORMATTED CONTENTS NOTE
Formatted contents note Quantities and units -- Moles and empirical formula -- Calculations based on chemical equations -- Concentration and solution stoichiometry -- The ideal gas law and kinetic theory -- Thermochemistry -- Atomic structure -- Chemical bonding and molecular structure -- Solids and liquids -- Oxidation-reduction -- Properties of solutions -- Thermodynamics and chemical equilibrium -- Acids and bases -- Precipitates -- Electrochemistry -- Rates of reactions.
521 ## - TARGET AUDIENCE NOTE
Target audience note
526 ## - STUDY PROGRAM INFORMATION NOTE
Reading level 1210L-1700L
541 ## - IMMEDIATE SOURCE OF ACQUISITION NOTE
-- 1
562 ## - COPY AND VERSION IDENTIFICATION NOTE
Number of copies 1
650 #0 - SUBJECT ADDED ENTRY--TOPICAL TERM
Topical term or geographic name as entry element Chemistry
Form subdivision Outlines, syllabi, etc.
650 #0 - SUBJECT ADDED ENTRY--TOPICAL TERM
Topical term or geographic name as entry element Chemistry
Form subdivision Problems, exercises, etc.
700 1# - ADDED ENTRY--PERSONAL NAME
Personal name Epstein, Lawrence M.
700 1# - ADDED ENTRY--PERSONAL NAME
Personal name Rieger, Philip Henri,
Dates associated with a name 1935-.
906 ## - LOCAL DATA ELEMENT F, LDF (RLIN)
a 7
b cbc
c orignew
d 1
e ecip
f 20
g y-gencatlg
942 ## - ADDED ENTRY ELEMENTS (KOHA)
Source of classification or shelving scheme Library of Congress Classification
Koha item type Books
Call number prefix
Holdings
Withdrawn status Lost status Source of classification or shelving scheme Damaged status Home library Current library Shelving location Date acquired Total Checkouts Total Renewals Full call number Barcode Date last seen Date checked out Copy number Price effective from Koha item type
    Library of Congress Classification   College Library College Library General Circulation Section 06/05/2013 1 23 QD 41 .R813 2011 C12427 05/15/2018 06/10/2014 1 11/14/2013 Books

College chemistry /

APA

Rosenberg J. L., Epstein L. M. & Rieger P. H. (2011). College chemistry. New York: McGraw-Hill Companies, Inc.

Chicago

Rosenberg Jerome Laib, Epstein Lawrence M and Rieger Philip Henri. 2011. College chemistry. New York: McGraw-Hill Companies, Inc.

Harvard

Rosenberg J. L., Epstein L. M. and Rieger P. H. (2011). College chemistry. New York: McGraw-Hill Companies, Inc.

MLA

Rosenberg Jerome Laib, Epstein Lawrence M and Rieger Philip Henri. College chemistry. New York: McGraw-Hill Companies, Inc. 2011.

  • Place hold
  • Print
  • Cite
  • Add to your cart (remove)
  • Save record
    BIBTEX Dublin Core MARCXML MARC (non-Unicode/MARC-8) MARC (Unicode/UTF-8) MARC (Unicode/UTF-8, Standard) MODS (XML) RIS
  • More searches
    Search for this title in:
    Other Libraries (WorldCat) Other Databases (Google Scholar) Online Stores (Bookfinder.com) Open Library (openlibrary.org)

Exporting to Dublin Core...

SOUTHVILLE LIBRARY

Southville International School and Colleges Library

1281 Tropical Ave. Cor. Luxembourg St., BF Homes International, Las Pinas City

Tel. No. 8256374 / 252358 Loc. 117/146

Powered by Koha